Guess the Album Songs - Evermore - Statistics

General Stats
  • This quiz has been taken 49 times
  • The average score is 16 of 17
Answer Stats
Answer % Correct
Evermore
100%
Marjorie
100%
Willow
100%
Champagne Problems
97%
Dorothea
97%
Coney Island
95%
Gold Rush
95%
Ivy
95%
Closure
92%
Cowboy Like Me
92%
No Body, No Crime
92%
Happiness
89%
Long Story Short
89%
Right Where You Left Me
89%
Tis The Damn Season
89%
Tolerate It
89%
It’s Time To Go
79%
No matching quizzes found
Score Distribution
Percent of People with Each Score
Percentile by Number Answered
Your Score History
You have not taken this quiz